Pánská jízda

Bibliographic Details
Other Authors: Kotík, Martin, 1974- (Director)
Format: Video DVD
Language:Czech
PhysicalDescription:1 videodisk (DVD) (75 min.) zvuk DD 5.1, 2.0, fareb., PAL 4:3 12 cm
Published: [Bratislava] Ringier [2008]
Subjects:

MARC

LEADER 00000ngm a2200000 a 4500
001 vtls010033366
003 SK-MaSNL
005 20260301131012.0
007 vd cvaizs
008 091218s2008 xo 075 e vlcze
040 |a SNK  |b slo  |c SNK  |e AACR2 
041 0 |a cze  |b eng 
044 |a xo  |c SK 
072 7 |a 791  |x Film. Cirkus. Ľudová zábava  |2 konspekt 
080 |a 791.221.2(437.3)  |2 2001 
080 |a (0.034.44)  |2 2001 
245 0 0 |a Pánská jízda  |h videozáznam  |c [réžia] Martin Kotík 
260 |a [Bratislava]  |b Ringier  |c [2008] 
300 |a 1 videodisk (DVD) (75 min.)  |b zvuk DD 5.1, 2.0, fareb., PAL 4:3  |c 12 cm 
500 |a Názov z disku 
511 0 |a Hrajú: Martin Dejdar, Vladimír Škultéty, Ondřej Vetchý, Josef Abrhám 
521 8 |a Nevhodné pre deti do 12 r. 
650 0 7 |a hrané filmy  |2 SNKPH  |9 68885 
650 0 7 |a filmová komédia  |2 SNKPH  |9 73961 
655 7 |a DVD  |2 SNKPH  |9 70751 
700 1 |a Kotík, Martin,  |d 1974-  |4 drt  |9 479645 
999 |c 746465  |d 748395 
952 |a SNK  |b SNK  |y PREZ  |7 0  |p 17A0640549  |o snkSDVD 649  |i snk2009/22668  |8 0  |0 0  |1 0  |4 0  |d 2009-12-18  |l 0  |r 2026-02-23 23:18:32  |w 2026-02-23 
952 |a SNK  |b SNK  |y PREZ  |7 0  |p 17A1124111  |o snkSDVD 649 D1  |i snk2015/28999  |8 1  |0 0  |1 0  |4 0  |d 2015-10-19  |l 0  |r 2026-02-23 23:18:32  |w 2026-02-23